<?xml version="1.0" encoding="UTF-8"?>
<record
    xmlns:xsi="http://www.w3.org/2001/XMLSchema-instance"
    xsi:schemaLocation="http://www.loc.gov/MARC21/slim http://www.loc.gov/standards/marcxml/schema/MARC21slim.xsd"
    xmlns="http://www.loc.gov/MARC21/slim">

  <leader>00790nam a2200205 a 4500</leader>
  <controlfield tag="001">BRCA_2358</controlfield>
  <controlfield tag="005">20190320203755.0</controlfield>
  <controlfield tag="008">241008s2008----mx-a---###---#000-0#spa-#</controlfield>
  <datafield tag="020" ind1=" " ind2=" ">
    <subfield code="a">9788497734103</subfield>
  </datafield>
  <datafield tag="050" ind1=" " ind2="4">
    <subfield code="a">NK7112.5</subfield>
    <subfield code="b">.P53 2008</subfield>
  </datafield>
  <datafield tag="245" ind1="1" ind2="0">
    <subfield code="a">La plata en Iberoam&#xE9;rica</subfield>
    <subfield code="b">siglos XVI al XIX : congreso internacional</subfield>
    <subfield code="c">coordinadores Jes&#xFA;s Paniagua P&#xE9;rez, Nuria Salazar Simarro.</subfield>
  </datafield>
  <datafield tag="260" ind1=" " ind2=" ">
    <subfield code="a">M&#xE9;xico</subfield>
    <subfield code="b">INAH</subfield>
    <subfield code="c">2008</subfield>
  </datafield>
  <datafield tag="300" ind1=" " ind2=" ">
    <subfield code="a">791 p.</subfield>
    <subfield code="b">il. (algunas a color), mapas</subfield>
    <subfield code="c">30 cm.</subfield>
  </datafield>
  <datafield tag="500" ind1=" " ind2=" ">
    <subfield code="a">Incluye &#xED;ndice de referencias y glosario</subfield>
  </datafield>
  <datafield tag="650" ind1="1" ind2="4">
    <subfield code="a">Trabajos en plata</subfield>
    <subfield code="x">Historia</subfield>
    <subfield code="y">Siglos XVI al XIX</subfield>
    <subfield code="z">Iberoam&#xE9;rica</subfield>
    <subfield code="9">7069</subfield>
  </datafield>
  <datafield tag="650" ind1="1" ind2="4">
    <subfield code="a">Plater&#xED;a</subfield>
    <subfield code="y">Siglos XVI al XIX</subfield>
    <subfield code="z">Iberoam&#xE9;rica</subfield>
    <subfield code="9">7070</subfield>
  </datafield>
  <datafield tag="700" ind1="1" ind2=" ">
    <subfield code="a">Paniagua P&#xE9;rez, Jes&#xFA;s</subfield>
    <subfield code="9">2812</subfield>
  </datafield>
  <datafield tag="700" ind1="1" ind2=" ">
    <subfield code="a">Salazar Simarro, Nuria</subfield>
    <subfield code="9">7071</subfield>
  </datafield>
  <datafield tag="942" ind1=" " ind2=" ">
    <subfield code="2">lcc</subfield>
    <subfield code="c">B</subfield>
  </datafield>
  <datafield tag="999" ind1=" " ind2=" ">
    <subfield code="c">2099</subfield>
    <subfield code="d">2099</subfield>
  </datafield>
  <datafield tag="952" ind1=" " ind2=" ">
    <subfield code="0">0</subfield>
    <subfield code="1">0</subfield>
    <subfield code="4">0</subfield>
    <subfield code="7">0</subfield>
    <subfield code="a">BRCA</subfield>
    <subfield code="b">BRCA</subfield>
    <subfield code="d">2008-10-24</subfield>
    <subfield code="l">0</subfield>
    <subfield code="o">NK7112.5 .P53 2008</subfield>
    <subfield code="p">01411</subfield>
    <subfield code="r">2019-03-22 00:00:00</subfield>
    <subfield code="w">2019-03-22</subfield>
    <subfield code="y">B</subfield>
  </datafield>
</record>
